| АИС "Историко-культурное наследие Беларуси" | ||
| Базовый | Расширенный | Профессиональный | Словарь персоналий | Тематический словарь | По видам объектов | История запросов Заказы | Регистрация | |
Запись в MARC-формате
| копировать MARC-запись |
=LDR 00000nx\\c2200157\\\45\\
=001 BY-NLB-ar2386695
=005 20160330095628.8
=100 \\$a20061104arusy50\\\\\\ca0
=152 \\$apsbo
=160 \\$ae-bw
=215 \\$aТруд, поселок (Сенненский район)
=300 1\$aНаходится в Сенненском районе Витебской области.
=801 \0$aBY$bBY-HM0000$c20061104
=810 \\$aЕдиный реестр административно-территориальных и территориальных единиц Республики Беларусь : [электрон. ресурс : данные по состоянию на 04.11.2006].
=999 \\$f2786$t20061104
Чтобы вернуться назад, щелкните кнопку BACK на Вашем браузере